| Tag |
First Indicator |
Second Indicator |
Subfields |
| LEADER |
00000cam a22000005a 4500 |
| 001 |
in00000471521 |
| 005 |
20151012171557.0 |
| 008 |
810824s1980 nyuac b i00000 eng d |
| 035 |
|
|
|a (OCoLC)07695286
|
| 035 |
|
|
|9 ACA0811AM
|
| 040 |
|
|
|a GSU
|c GSU
|d TXA
|d UtOrBLW
|
| 049 |
|
|
|a TXAM
|c [1806978]
|
| 090 |
|
|
|a TP360
|b G84
|
| 245 |
0 |
0 |
|a Guidebook on biogas development /
|c Economic and Social Commission for Asia and the Pacific.
|
| 264 |
|
1 |
|a New York :
|b United Nations,
|c 1980.
|
| 300 |
|
|
|a xi, 127 pages :
|b illustrations, plans ;
|c 30 cm.
|
| 336 |
|
|
|a text
|b txt
|2 rdacontent
|
| 337 |
|
|
|a unmediated
|b n
|2 rdamedia
|
| 338 |
|
|
|a volume
|b nc
|2 rdacarrier
|
| 490 |
1 |
|
|a Energy resources development series ;
|v no. 21
|
| 490 |
0 |
|
|a [Document] / United Nations ;
|v ST/ESCAP/96
|
| 500 |
|
|
|a United Nations publication. Sales number E.80.II.F.10.
|
| 504 |
|
|
|a Includes bibliographical references.
|
| 650 |
|
0 |
|a Waste products as fuel.
|
| 650 |
|
0 |
|a Biomass energy.
|
| 710 |
2 |
|
|a United Nations.
|b Economic and Social Commission for Asia and the Pacific.
|
| 830 |
|
0 |
|a Energy resources development series ;
|v no. 21.
|
| 999 |
|
|
|a MARS
|
| 999 |
f |
f |
|s a0a99156-a346-3732-acfd-006038473e13
|i 5ee754f0-5da3-3da3-b1df-f61c3b78d567
|t 0
|
| 952 |
f |
f |
|p ric
|a Texas A&M University
|b Rellis Campus
|c Joint Library Facility
|d Remote Storage
|t 0
|e TP360 G84
|h Library of Congress classification
|i unmediated -- volume
|m A14806472058
|
| 998 |
f |
f |
|a TP360 G84
|t 0
|l Remote Storage
|